000
00318nam a2200133Ia 4500
003
OSt
005
20230803102420.0
008
170524s9999 xx 000 0 und d
040
_c
IIMT UNIVERSITY
100
_a
SINGHAL- VIJAY KR.
245
0
_a
RAPIDEX COMPUTER COURSE
260
_b
DELHI: PUSTAK MAHAL
942
_2
ddc
_c
02
999
_c
9502
_d
9502